Pays les plus proches de Qatar - une minute sprint - Statistiques

Statistiques générales
  • Ce quiz a été pris 61 fois
  • Le résultat moyen est 15 sur 20
Statistiques - réponses
km pays % Correct
493 Irak
98%
187 Iran
98%
420 Oman
98%
0 Arabie Saoudite
96%
618 Yémen
96%
31 Émirats arabes unis
94%
1 Bahreïn
92%
1620 Israël
90%
1005 Pakistan
90%
379 Koweït
88%
1371 Jordanie
86%
1340 Syrie
86%
1020 Afghanistan
74%
1370 Turquie
66%
1378 Somalie
48%
1555 Djibouti
46%
1473 Érythrée
44%
1382 Azerbaïdjan
42%
1460 Soudan
32%
1426 Turkménistan
30%
Aucun quiz correspondant
Distribution des résultats
% des personnes avec chaque résultat
Percentile par nombre de réponses
Votre historique - résultats
Vous n’avez pas pris ce quiz